[Event "BCF-ch Week2 PM op"]
[Site "Bournemouth"]
[Date "2016.08.04"]
[Round "4"]
[White "Perrin, Richard David"]
[Black "Ai, Farshad"]
[Result "0-1"]
[WhiteElo "1885"]
[BlackElo "1956"]
[PlyCount "116"]
[EventDate "2016.08.01"]
[EventType "swiss"]
[EventRounds "5"]
[EventCountry "ENG"]
[SourceTitle "CBM 173 Extra"]
[Source "ChessBase"]
[SourceDate "2016.08.29"]
[SourceVersion "1"]
[SourceVersionDate "2016.08.29"]
[SourceQuality "1"]

1. e4 c5 2. Nf3 Nc6 3. d4 cxd4 4. Nxd4 g6 5. c4 Bg7 6. Nc2 Nf6 7. Nc3 d6 8. Be2 Bd7 9. 0-0 0-0 10. Bd2 Rc8 11. Rc1 Ne5 12. b3 Bc6 13. f3 a6 14. Ne3 a5 15. Ned5 Bxd5 16. exd5 Re8 17. f4 Ned7 18. g4 Nc5 19. g5 Nfe4 20. Bg4 Nxd2 21. Qxd2 Rb8 22. Rfe1 f5 23. Bf3 Qb6 24. Kg2 Qb4 25. Nb1 Qxd2+ 26. Nxd2 Nd3 27. Kg3 Bd4 28. Rf1 Nxc1 29. Rxc1 Rec8 30. Re1 Bc3 31. Re2 Bxd2 32. Rxd2 b5 33. Be2 bxc4 34. Bxc4 a4 35. Re2 axb3 36. axb3 Kf8 37. Re3 Rc5 38. h4 Rb4 39. h5 gxh5 40. Kh4 Rcxc4 41. bxc4 Rxc4 42. Kxh5 Rxf4 43. g6 hxg6+ 44. Kxg6 Rf1 45. Ra3 Ke8 46. Ra8+ Kd7 47. Ra7+ Kd8 48. Ra8+ Kc7 49. Ra7+ Kb6 50. Rxe7 Kc5 51. Rf7 Kxd5 52. Rxf5+ Rxf5 53. Kxf5 Kc4 54. Ke4 d5+ 55. Ke3 Kc3 56. Ke2 d4 57. Kd1 Kd3 58. Ke1 Kc2 0-1

[Event "BCF-ch Weekend op"]
[Site "Bournemouth"]
[Date "2016.07.29"]
[Round "1"]
[White "Ai, Farshad"]
[Black "O'Mahoney, Mike J"]
[Result "1-0"]
[WhiteElo "1956"]
[BlackElo "1746"]
[PlyCount "116"]
[EventDate "2016.07.29"]
[EventType "swiss"]
[EventRounds "5"]
[EventCountry "ENG"]
[SourceTitle "CBM 173 Extra"]
[Source "ChessBase"]
[SourceDate "2016.08.29"]
[SourceVersion "1"]
[SourceVersionDate "2016.08.29"]
[SourceQuality "1"]

1. d4 d5 2. Bf4 c6 3. c4 e6 4. Nf3 Nf6 5. e3 Nbd7 6. Nc3 Bb4 7. a3 Be7 8. h3 0-0 9. Bd3 dxc4 10. Bxc4 Nb6 11. Bd3 Nbd5 12. Nxd5 exd5 13. 0-0 h6 14. b4 a6 15. Qb1 Qb6 16. Nd2 Rd8 17. Rc1 Bd7 18. Nb3 Be8 19. Nc5 Bd6 20. Bxd6 Rxd6 21. Qc2 Rdd8 22. Rcb1 Ra7 23. a4 Rda8 24. Qe2 Qd8 25. Ra2 Qe7 26. Qe1 Nd7 27. Rd2 Nf6 28. b5 axb5 29. axb5 Ne4 30. Bxe4 dxe4 31. bxc6 Bxc6 32. Qd1 Rd8 33. Qg4 Rf8 34. g3 f5 35. Qh5 Kh7 36. h4 Rf7 37. Kg2 g6 38. Qe2 Rg7 39. Rh1 Qd6 40. Ra2 Rxa2 41. Qxa2 Bd5 42. Qb2 Qc7 43. Na4 g5 44. hxg5 Rxg5 45. Rh4 Rg4 46. Rxg4 fxg4 47. Nc3 Qf7 48. Nxd5 Qxd5 49. Kf1 b5 50. Qb4 Kg6 51. Ke1 Kf7 52. Kd1 Qf5 53. Qd2 Qd5 54. Qc2 Ke6 55. Qc8+ Ke7 56. Kc1 h5 57. Kb2 Kf7 58. Kc3 Qf5 1-0

[Event "BCF-ch Atkins op"]
[Site "Coventry"]
[Date "2015.07.31"]
[Round "1"]
[White "Carleton, John Joseph"]
[Black "Ai, Farshad"]
[Result "1-0"]
[WhiteElo "2273"]
[BlackElo "1922"]
[PlyCount "85"]
[EventDate "2015.07.31"]
[EventType "swiss"]
[EventRounds "5"]
[EventCountry "ENG"]
[SourceTitle "CBM 167 Extra"]
[Source "ChessBase"]
[SourceDate "2015.09.14"]
[SourceVersion "1"]
[SourceVersionDate "2015.09.14"]
[SourceQuality "1"]

1. d4 d5 2. c4 c6 3. Nc3 Nf6 4. cxd5 cxd5 5. Bf4 Nc6 6. e3 Bf5 7. Qb3 Na5 8. Qa4+ Nc6 9. Nf3 Bd7 10. Qb3 Na5 11. Qc2 Rc8 12. Bd3 e6 13. 0-0 Be7 14. Rac1 0-0 15. Ne5 Nc6 16. a3 h6 17. Qe2 a6 18. Bb1 b5 19. Bd3 Qe8 20. Ng4 g6 21. Nxf6+ Bxf6 22. Bxh6 Bg7 23. Bxg7 Kxg7 24. e4 b4 25. axb4 Nxb4 26. Qd2 Bc6 27. e5 Qe7 28. f4 Rh8 29. Rf3 Rh5 30. Ne2 Rch8 31. h3 Bb5 32. Ng3 Nc6 33. Nxh5+ Rxh5 34. Rc5 Qh4 35. Qc3 Ne7 36. Rc7 Nf5 37. Bxf5 Rxf5 38. g4 Be2 39. gxf5 Bxf3 40. f6+ Kg8 41. Qxf3 Qe1+ 42. Kg2 Qd2+ 43. Qf2 1-0

[Event "Sunningdale e2e4 U2050 op 05"]
[Site "Sunningdale"]
[Date "2014.05.23"]
[Round "1"]
[White "Ai, Farshad"]
[Black "Niedbal, Piotr"]
[Result "1-0"]
[WhiteElo "1927"]
[BlackElo "1761"]
[PlyCount "99"]
[EventDate "2014.05.23"]
[EventType "swiss"]
[EventRounds "7"]
[EventCountry "ENG"]
[SourceTitle "EXT 2015"]
[Source "ChessBase"]
[SourceDate "2014.11.20"]
[SourceVersion "1"]
[SourceVersionDate "2014.11.20"]
[SourceQuality "1"]

1. c4 Nf6 2. g3 g6 3. Bg2 Bg7 4. Nc3 0-0 5. Nf3 d5 6. cxd5 Nxd5 7. 0-0 c6 8. a3 Bg4 9. Qc2 Na6 10. h3 Bxf3 11. Bxf3 Qd7 12. Bg2 Nac7 13. Qb3 Rab8 14. d3 Nxc3 15. bxc3 Qe6 16. Qc2 Nb5 17. Bb2 h5 18. h4 Qf6 19. Rfc1 g5 20. hxg5 Qxg5 21. a4 Nd6 22. c4 Bxb2 23. Qxb2 Nf5 24. Qe5 f6 25. Qf4 Qxf4 26. gxf4 Nd4 27. Ra2 Kf7 28. e3 Ne6 29. Bf3 Rh8 30. a5 Rbg8+ 31. Kh2 Nd8 32. d4 e5 33. fxe5 fxe5 34. d5 Ke7 35. c5 cxd5 36. Bxd5 Rg7 37. a6 Kf6 38. axb7 Nxb7 39. Ra6+ Kf5 40. Rxa7 Rhh7 41. f3 Nd8 42. Be4+ Kg5 43. Rg1+ Kf6 44. Ra6+ Ne6 45. Bxh7 Rxh7 46. Rb1 Kf5 47. e4+ Kf6 48. Rab6 Ke7 49. Kh3 Kf7 50. Rxe6 1-0

[Event "London e2e4 Diamond Jubilee op-C"]
[Site "London"]
[Date "2012.06.04"]
[Round "4"]
[White "Lunn, Matthew"]
[Black "Ai, Farshad"]
[Result "1/2-1/2"]
[WhiteElo "1967"]
[BlackElo "1894"]
[PlyCount "97"]
[EventDate "2012.06.02"]
[EventType "swiss"]
[EventRounds "7"]
[EventCountry "ENG"]
[SourceTitle "EXT 2014"]
[Source "ChessBase"]
[SourceDate "2013.11.20"]
[SourceVersion "1"]
[SourceVersionDate "2013.11.20"]
[SourceQuality "1"]

1. d4 Nf6 2. c4 g6 3. g3 Bg7 4. Bg2 d5 5. cxd5 Nxd5 6. Nf3 0-0 7. 0-0 Nc6 8. Nc3 Nb6 9. e3 e5 10. d5 Nb4 11. e4 c5 12. a3 Na6 13. Qe2 Bg4 14. h3 Bxf3 15. Bxf3 Nc8 16. b4 Nd6 17. Be3 Qc8 18. b5 Nb8 19. Rac1 b6 20. Bg2 Nd7 21. f4 f5 22. fxe5 Bxe5 23. Bh6 Re8 24. Qc2 Qd8 25. exf5 gxf5 26. Rxf5 Nxf5 27. Qxf5 Qf6 28. Qg4+ Qg6 29. d6 Qxg4 30. hxg4 Rad8 31. Bd5+ Kh8 32. Ne4 Nf6 33. Nxf6 Bxf6 34. d7 Rxd7 35. Bc6 Bd4+ 36. Kh1 Rde7 37. Bxe8 Rxe8 38. Kg2 Kg8 39. a4 Kf7 40. Bf4 Ke6 41. Re1+ Kd7 42. Rxe8 Kxe8 43. Bb8 Kd7 44. Kf3 Kc8 45. Bf4 Kd7 46. Ke4 Bf2 47. Kd5 Be1 48. Bb8 Kc8 49. Bf4 1/2-1/2

[Event "London e2e4 Diamond Jubilee op-C"]
[Site "London"]
[Date "2012.06.02"]
[Round "1"]
[White "Ai, Farshad"]
[Black "Haridas, Girinath"]
[Result "1-0"]
[WhiteElo "1894"]
[BlackElo "1686"]
[PlyCount "102"]
[EventDate "2012.06.02"]
[EventType "swiss"]
[EventRounds "7"]
[EventCountry "ENG"]
[SourceTitle "EXT 2014"]
[Source "ChessBase"]
[SourceDate "2013.11.20"]
[SourceVersion "1"]
[SourceVersionDate "2013.11.20"]
[SourceQuality "1"]

1. d4 Nf6 2. Bf4 d6 3. Nc3 g6 4. Qd2 Bg7 5. Bh6 0-0 6. e4 Nc6 7. 0-0-0 e5 8. d5 Nb8 9. Be2 Bxh6 10. Qxh6 Ng4 11. Bxg4 Bxg4 12. f3 Bd7 13. h4 Qf6 14. Nge2 Qg7 15. Qd2 b5 16. Rdg1 a5 17. g4 Na6 18. Ng3 h6 19. Nf5 Bxf5 20. gxf5 Kh7 21. Nxb5 Qf6 22. fxg6+ fxg6 23. Rg3 Rfb8 24. a4 Nc5 25. b3 Qf7 26. Rhg1 Rg8 27. Kb2 Qe7 28. Qg2 Qf7 29. Qh3 Rac8 30. Rxg6 Rxg6 31. Rxg6 Rf8 32. Rg3 Qe7 33. Qg4 Kh8 34. Qg6 Nd7 35. Qxh6+ Qh7 36. Qxh7+ Kxh7 37. Nxc7 Rf4 38. Ne6 Rxh4 39. Rg7+ Kh6 40. Rxd7 Rh3 41. Rxd6 Kh5 42. f4 Re3 43. fxe5 Rxe4 44. Ng7+ Kg5 45. Re6 Rd4 46. d6 Rd5 47. Re7 Kg6 48. d7 Rd4 49. Ne6 Rd1 50. d8Q Rxd8 51. Nxd8 Kh6 1-0

[Event "Gatwick e2e4 int op-B"]
[Site "Gatwick"]
[Date "2011.10.27"]
[Round "3"]
[White "Georgiev, Ivan Georgiev"]
[Black "Ai, Farshad"]
[Result "1-0"]
[WhiteElo "1821"]
[BlackElo "1962"]
[PlyCount "103"]
[EventDate "2011.10.26"]
[EventType "swiss"]
[EventRounds "9"]
[EventCountry "ENG"]
[SourceTitle "EXT 2014"]
[Source "ChessBase"]
[SourceDate "2013.11.20"]
[SourceVersion "1"]
[SourceVersionDate "2013.11.20"]
[SourceQuality "1"]

1. e4 c5 2. Nf3 g6 3. d4 cxd4 4. Nxd4 Bg7 5. Nc3 Nc6 6. Be3 Nf6 7. f3 0-0 8. Qd2 d5 9. Nxc6 bxc6 10. 0-0-0 Qa5 11. exd5 cxd5 12. Bd4 Rb8 13. g4 Qb4 14. b3 Be6 15. h4 a5 16. a4 Qd6 17. Nb5 Qd8 18. Qh2 h6 19. Qg2 Bd7 20. Rg1 Bxb5 21. Bxb5 Qd6 22. Kb2 e5 23. Bf2 h5 24. Rge1 Qe6 25. Bd4 e4 26. g5 Ne8 27. fxe4 dxe4 28. Bxg7 Nxg7 29. Rxe4 Qb6 30. Qg1 Qb7 31. Qe1 Ne6 32. Rd7 Qb6 33. Re2 Nd4 34. Ree7 Nxb5 35. axb5 Qxb5 36. Qf2 Qf5 37. Qxf5 gxf5 38. g6 a4 39. gxf7+ Kg7 40. Rb7 Rxb7 41. Rxb7 axb3 42. cxb3 Rxf7 43. Rxf7+ Kxf7 44. Kc1 Ke6 45. Kd2 f4 46. Ke2 Ke5 47. Kf3 Kf5 48. b4 Ke5 49. b5 Kd5 50. Kxf4 Kc5 51. Kg5 Kxb5 52. Kxh5 1-0